|
|
|
|
| LEADER |
00000nam0a2200000 4500 |
| 001 |
343904 |
| 005 |
20231102005616.0 |
| 035 |
|
|
|a (RuTPU)RU\TPU\book\374685
|
| 090 |
|
|
|a 343904
|
| 100 |
|
|
|a 20191119d1979 m y0rusy50 ca
|
| 101 |
0 |
|
|a rus
|
| 102 |
|
|
|a RU
|
| 105 |
|
|
|a a z 001zy
|
| 200 |
1 |
|
|a Журнальная графика Данейка 1920-начало 1930 гг.
|e альбом рисунков
|f Г. Л. Демосфенова
|g под ред. Е. П. Суздалевой
|
| 210 |
|
|
|a Москва
|c Советский художник
|d 1979
|
| 215 |
|
|
|a 26 с.
|c в основном ил.
|
| 320 |
|
|
|a Список иллюстраций: с. 24
|
| 606 |
1 |
|
|a Графика
|2 stltpush
|3 (RuTPU)RU\TPU\subj\8566
|9 35956
|
| 606 |
1 |
|
|a Живописцы
|2 stltpush
|3 (RuTPU)RU\TPU\subj\10834
|9 37852
|
| 610 |
1 |
|
|a искусство
|
| 610 |
1 |
|
|a графика
|
| 610 |
1 |
|
|a журнальная индустрия
|
| 610 |
1 |
|
|a 20 век
|
| 610 |
1 |
|
|a советский период
|
| 610 |
1 |
|
|a Советский Союз
|
| 610 |
1 |
|
|a советский плакат
|
| 675 |
|
|
|a 76
|v 4
|
| 675 |
|
|
|a 75.071(092)
|v 4
|
| 700 |
|
1 |
|a Демосфенова
|b Г. Л.
|g Галина Леонтьевна
|
| 702 |
|
1 |
|a Суздалева
|b Е. П.
|4 340
|
| 801 |
|
1 |
|a RU
|b 63413507
|c 20191119
|
| 801 |
|
2 |
|a RU
|b 63413507
|c 20201209
|g RCR
|
| 942 |
|
|
|c BK
|